Personnalités - Qui est le plus grand ? - Statistiques

Statistiques générales
  • Ce quiz a été pris 45 fois
  • Le résultat moyen est 17 sur 50
Statistiques - réponses
Question Réponse % Correct
Mimie Mathy est plus grande que Mère Térésa NON
67%
L'actrice Suzanne Flon était plus grande que l'acteur Pierre Tornade NON
67%
L'actrice Mireille Darc était plus petite que Brigitte Macron NON
67%
Le pianiste Michel Petrucciani était plus grand que l'accordéonniste Yvette Horner NON
67%
Tous les beatles mesuraient plus d'1,75 m NON
67%
Tous les acteurs ayant incarné James Bond mesurent ou mesuraient plus de 1,85 m NON
67%
Le rugbyman Antoine Dupont est plus petit que le biathlète Quentin Fillon-Maillet OUI
67%
L'acteur Patrick Chesnais était plus petit que le réalisateur Jacques Tati OUI
67%
Les chanteuses Isabelle Boulay et Julie Zenatti mesurent la même taille OUI
67%
Louis XVI était plus grand que le prince William de Galles OUI
67%
François 1er et Louis XVI de France ont mesuré la même taille OUI
67%
Sonia Rolland est plus petite qu'Elodie Gossuin, toutes deux Miss France OUI
67%
Julio Iglesias est plus petit que son fils Enrique Iglesias OUI
67%
Le peintre Eugène Delacroix est plus grand qu'Edith Piaf NON
33%
L'acteur Jean Carmet était plus petit que la chanteuse France Gall NON
33%
L'acteur Jean Rochefort était plus petit que Michel Galabru NON
33%
Joakim Noah, basketteur, est plus petit que le magicien Eric Antoine NON
33%
Teddy Riner, judoka, est plus petit que le tennisman Juan Martin del Potro NON
33%
Nicoletta est plus grande qu'Edith Piaf NON
33%
Isabelle Nanty a plus de 50 centimètres d'écart avec Denis Brogniart, présentateur NON
33%
L'imitateur Michaël Grégorio est plus grand que Bruno Guillon, l'animateur NON
33%
Le chanteur Joe Dassin était plus petit que Michel Polnareff NON
33%
Francisco Franco, chef d'Etat espagnol était plus grand qu'Adolf Hitler NON
33%
Le chanteur Luis Mariano était plus grand que Luciano Pavarotti NON
33%
Yves Montand était plus petit que Luciano Pavarotti NON
33%
Michel Sardou est plus grand qu'Eddy Mitchell NON
33%
La chanteuse Patricia Kaas est plus grande que Dalida NON
33%
Le chanteur Jacques Brel était plus petit que Georges Brassens NON
33%
Mireille Mathieu est plus grande qu'Amel Bent NON
33%
Claude et Alexandre Brasseur, acteurs, père et fils font la même taille. NON
33%
L'ancien premier ministre, Edouard Philippe est plus grand que le réalisateur Pierre Tchernia OUI
33%
Emmanuel Macron est plus grand que N'Golo Kanté OUI
33%
L'humoriste Coluche était plus petit que le chanteur Grégoire OUI
33%
Le tennisman Roger Federer est plus grand qu'Antoine Griezman, footballeur OUI
33%
André Bouchet (Passe-partout) est plus petit que Mimie Mathy OUI
33%
L'ancienne ministre Roselyne Bachelot est plus petite que Ségolène Royal OUI
33%
Le chanteur Kendji Girac est plus grand que Michel Drucker, animateur. OUI
33%
Alexandra Lamy est plus grande qu'Audrey Lamy OUI
33%
Le chanteur Johnny Hallyday était plus grand que le cuisiner Jean-Pierre Coffe NON
0%
Le pape Benoît XVI est plus grand que le pape Jean-Paul II NON
0%
Demis Roussos, chanteur, était plus grand que Roger Hanin, acteur NON
0%
Louis XIV de France était plus petit que le roi Charles III d'Angleterre NON
0%
Le cuisinier Philippe Etchebest est plus grand que le cuisinier Frédéric Anton NON
0%
L'actrice Arielle Dombasle est plus grande que Carla Bruni NON
0%
Thomas Dutronc est plus grand que son père Jacques Dutronc NON
0%
La chanteuse Françoise Hardy est plus grande que la chanteuse Maurane. OUI
0%
Le danseur Chris Marquez est plus grand que Charles Aznavour OUI
0%
L'actrice Lauren Bacall était plus grande que l'acteur Robin Williams OUI
0%
Le chanteur Mika est plus petit que le nageur Florent Manaudou OUI
0%
Christina Cordula, mannequin et présentation est plus grande que Giorgio Armani OUI
0%
Aucun quiz correspondant
Distribution des résultats
% des personnes avec chaque résultat
Percentile par nombre de réponses
Votre historique - résultats
Vous n’avez pas pris ce quiz